| 000 | 01155cam a22003255a 4500 | ||
|---|---|---|---|
| 999 |
_c7065 _d7065 |
||
| 003 | EG-ScBUE | ||
| 005 | 20191209100053.0 | ||
| 008 | 180828r19971993enk f d 000 0 mul d | ||
| 020 | _a0415132444 | ||
| 020 | _a9780415132442 | ||
| 040 |
_aEG-ScBUE _beng _erda _cEG-ScBUE _dEG-ScBUE |
||
| 041 | 0 |
_aeng _aswe |
|
| 082 | 0 | 4 |
_a439.7321 _bSWE _222 |
| 245 | 0 | 0 |
_aSwedish dictionary : _bEnglish - Swedish, Swedish - English. |
| 250 | _aReprint edition. | ||
| 264 | 1 |
_aLondon : _bRoutledge, Taylor and Francis Group, _c1997. |
|
| 300 | 0 |
_a486 pages ; _c19 cm. |
|
| 336 |
_2rdacontent _atext _btxt |
||
| 337 |
_2rdamedia _aunmediated _bn |
||
| 338 |
_2rdacarrier _avolume _bnc |
||
| 490 | 0 | _aRoutledge reference | |
| 520 | _aThis compact and completely up-to-date, two-way dictionary provides a comprehensive and modern vocabulary, containing 85,000 headwords and phrases. | ||
| 546 | _aText in English and Swedish. | ||
| 590 | _areham | ||
| 650 | 7 |
_aSwedish language _vDictionaries _xEnglish. _2BUEsh |
|
| 650 | 7 |
_aEnglish language _vDictionaries _xSwedish. _2BUEsh |
|
| 653 |
_bHHUUEENN _cAugust2018 |
||
| 655 | _vReading book | ||
| 942 |
_2ddc _cREFERENCE |
||